000 00613nam a2200181Ia 4500
003 IN-BaIIA
008 211028s9999 xx 000 0 eng d
040 _cIIA Library
080 _a523.927
_bSPR
100 _aSpruit, Hendrik Christiaan
_912360
245 0 _aMagnetic flux tubes and transport of heat in the convection zone of the Sun
_cSpruit, Hendrik Christiaan
260 _aUtrecht
_bDrukkerij Elinkwijk BV
_c1977
300 _a145p.
650 _aAstronomy and Astrophysics Thesaurus
650 _aSmall Scale Magnetic Fields
_912361
650 _aSun
_91200
942 _cBK
999 _c7216
_d7216